000 00441nam a2200205Ia 4500
001 20423
003 OSt
005 20260410115018.0
008 211022s9999 xx 000 0 und d
020 _a9780933516113
040 _cIVS
082 _a741.946 DOM
100 _aDominguin, Luis Miguel
245 0 _aPicasso Toros Y Toreros
260 _aMilano
260 _bElecta
260 _c1961
300 _a31
942 _cBK
_2ddc
_n0
999 _c14067
_d14067